| 000 | 00427nam a2200157 i 4500 | ||
|---|---|---|---|
| 001 | 95856 | ||
| 003 | ES-MaACL | ||
| 005 | 20230906181804.0 | ||
| 007 | t| | ||
| 008 | 050606s1932 xxu ||||1| eng d | ||
| 100 | 1 |
_aMcFee, William. _979562 |
|
| 245 | 1 | 4 |
_aThe harbourmaster / _ca novel by William Mc.Fee. |
| 260 |
_aNew York : _bDoubleday, _c1932. |
||
| 300 |
_a5 h., 439 p. ; _c21 cm. |
||
| 852 |
_aES-MaACL _jC-25139 _bR.53865 |
||
| 999 |
_c95856 _d95856 |
||